Siwa oasis /

محفوظ في:

المؤلف الرئيسي: Fakhry, Ahmed (مؤلف)

التنسيق: كتاب

اللغة: English

منشور في: Cairo, Egypt : American University in Cairo Press, 1990.

الموضوعات:

الوسوم: إضافة وسم

لا توجد وسوم, كن أول من يضع وسما على هذه التسجيلة!

رقم الطلب: DT154 .S5 F29 1990

LEADER 00916nam a2200289 a 4500
001 1822
003 OSt
005 20250805082117.0
008 130303s1990 ua a b 001 0 eng d
010 |a 92161640 
020 |a 9774241231 
035 |a (OCoLC)27073440 
035 |a 1499007 
040 |c ARCE Library 
043 |a f-ua--- 
050 4 |a DT154 .S5 F29 1990 
100 1 |a Fakhry, Ahmed,  |e author 
245 1 0 |a Siwa oasis /  |c Ahmed Fakhry. 
264 1 |a Cairo, Egypt :  |b American University in Cairo Press,  |c 1990. 
300 |a x, 214 pages :  |b illustrations ;  |c 23 cm. 
500 |a "Originally published in 1973 and reprinted in 1982 as The oases of Egypt, volume one: Siwa Oasis" -- T.p. verso. 
504 |a Includes bibliographical references and index. 
651 0 |a Siwah Oasis (Egypt)  |x Antiquities. 
651 0 |a Siwah Oasis (Egypt)  |x History. 
901 |a reviewed 
942 |c BK  |2 lcc 
999 |c 2160  |d 2160